Jawan to General recollections of a Pakistani soldier / (Record no. 185064)
[ view plain ]
| 000 -LEADER | |
|---|---|
| fixed length control field | 01578 a2200181 4500 |
| 003 - CONTROL NUMBER IDENTIFIER | |
| control field | Nust |
| 005 - DATE AND TIME OF LATEST TRANSACTION | |
| control field | 20221228084105.0 |
| 040 ## - CATALOGING SOURCE | |
| Transcribing agency | Nust |
| 082 ## - DEWEY DECIMAL CLASSIFICATION NUMBER | |
| Classification number | 355.0092095,MUS |
| 100 ## - MAIN ENTRY--PERSONAL NAME | |
| Personal name | General (R) Mohammad Musa |
| 9 (RLIN) | 106144 |
| 245 ## - TITLE STATEMENT | |
| Title | Jawan to General recollections of a Pakistani soldier / |
| Statement of responsibility, etc. | General (R) Mohammad Musa |
| 260 ## - PUBLICATION, DISTRIBUTION, ETC. | |
| Place of publication, distribution, etc. | East & West Publishing Company |
| Name of publisher, distributor, etc. | Karachi |
| Date of publication, distribution, etc. | 1984 |
| 300 ## - PHYSICAL DESCRIPTION | |
| Extent | xv, 239, p.; |
| Other physical details | illus |
| Dimensions | 24 cm |
| 505 ## - FORMATTED CONTENTS NOTE | |
| Formatted contents note | Introduction (Page-9) Your Commission (Page-25) Your Codes as a Leader (Page-25) You Code as a leader (Page-37) Responsibility and Privilege of the leaders (Page-51) Knowing Your Jobs (Page-59) The Problems Of Career (Page-69) Speaking and Writing (Page-79) Dealing with Peoples (Page-93) Keeping your Hose (Page-105) War Time Expansion (Page-111) Instruction Essentials art of the leaders (page-121) The Nature of Discipline (Page-131) The Meaning of Moral (Page-139) Elements of Esprit (Page-149) Knowing the men you lead (Page-163) Youe relation ship with your men (Page-163) You r men Moral and Physical Welfare (Page-171) Keeping your men Informed (Page-181) Counseling your men (Page-189) Using Reward and Punishment (Page-199) Fitting your men to job (Page-205) The Mission (Page-215) Great Leaders (Page-223) Developing Leadership (Page-237) Human Nature and Leadership (Page-243) Group Nature and Nature Leadership (Page-255) The leading of Americans in Combat (Page-267). |
| 600 ## - SUBJECT ADDED ENTRY--PERSONAL NAME | |
| Personal name | General (R) Mohammad Musa |
| 9 (RLIN) | 106144 |
| 650 ## - SUBJECT ADDED ENTRY--TOPICAL TERM | |
| Topical term or geographic name entry element | Jawan to general recollections of a pakistani soldier |
| 9 (RLIN) | 106145 |
| 942 ## - ADDED ENTRY ELEMENTS (KOHA) | |
| Source of classification or shelving scheme | |
| Koha item type | Book |
| Call number prefix | 355.0092095,MUS |
| Withdrawn status | Lost status | Source of classification or shelving scheme | Damaged status | Not for loan | Permanent Location | Current Location | Shelving location | Date acquired | Total Checkouts | Full call number | Barcode | Date last seen | Date last checked out | Price effective from | Koha item type | Public note |
|---|---|---|---|---|---|---|---|---|---|---|---|---|---|---|---|---|
| Military College of Signals (MCS) | Military College of Signals (MCS) | General Stacks | 12/12/2016 | 1 | 355.0092095,MUS | MCS6703 | 12/15/2025 | 12/03/2025 | 12/12/2016 | Book | Almirah No.51, Shelf No.4 |
